| 000 | 00543nam a2200181 a 4500 | ||
|---|---|---|---|
| 005 | 20210219151552.0 | ||
| 008 | 991125s1938 fr 000 0 fre u | ||
| 035 | _aUPN01000036618 | ||
| 049 | _aCG | ||
| 050 | 4 |
_aHV700 F8 _bL3.4 1938 |
|
| 100 | 1 | _aLaudinet, Jean | |
| 245 | 1 | 0 |
_aManual d'enseignement social : _blegislation de l'assistance... / _cJean Laudinet ; préf. de M. André Hauriou. |
| 250 | _a10a ed. | ||
| 260 |
_aParís : _bBerger-Levrault, _c1938. |
||
| 300 | _a246 p. | ||
| 650 | 4 |
_aSERVICIO SOCIAL - _zFRANCIA |
|
| 905 | _aLibro | ||
| 999 |
_c36618 _d36618 |
||